书目信息 |
| 题名: |
实用生活小窍门全书
|
|
| 作者: | 方意萍 编著 | |
| 分册: | ||
| 出版信息: | 武汉 湖北人民出版社 2000.08 |
|
| 页数: | 983页 | |
| 开本: | 32开 | |
| 丛书名: | ||
| 单 册: | ||
| 中图分类: | TS976 | |
| 科图分类: | ||
| 主题词: | 家庭管理 | |
| 电子资源: | ||
| ISBN: | 7-216-02915-1 | |
| 000 | 00574nam0 2200193 45 | |
| 001 | 0010261767 | |
| 005 | 20001026172701.6 | |
| 010 | @a7-216-02915-1@d48.80元 | |
| 100 | @a20001026d2000 km y0chiy0120 ea | |
| 101 | 0 | @achi |
| 105 | @a z 000yy | |
| 200 | 1 | @a实用生活小窍门全书@AShi Yong Sheng Huo Xiao Qiao Men Quan Shu@f方意萍等编著@FFang Yi Ping Deng Bian Zhu |
| 210 | @a武汉@c湖北人民出版社@d2000.08 | |
| 215 | @a983页@d32开 | |
| 606 | 0 | @a家庭管理 |
| 690 | @aTS976@v3 | |
| 701 | 0 | @a方意萍@4编著 |
| 801 | @aCN@bPftUser@c20001026 | |
| 905 | @b191331-332@dTS976@eF699@f2 | |
| 实用生活小窍门全书/方意萍等编著.-武汉:湖北人民出版社,2000.08 |
| 983页;32开 |
| ISBN 7-216-02915-1:48.80元 |
| ● |
| 相关链接 |
|
|
|
正题名:实用生活小窍门全书
索取号:TS976/F699
 
预约/预借
| 序号 | 登录号 | 条形码 | 馆藏地/架位号 | 状态 | 备注 |
| 1 | 191331 | 201913313 | 自科二线504/504自科库 14排3列1层/ [索取号:TS976/F699] | 在馆 | |
| 2 | 191332 | 201913322 | 自科库501/ [索取号:TS976/F699] | 在馆 |